000 00422pab a2200157 454500
008 180718b2014 xxu||||| |||| 00| 0 eng d
100 _aKotecha, Keatan
245 _aWhere are the thinkers?: not too late to include critical thinking in curriculum
260 _c2014
300 _ap.10-11,19.
362 _a5 May
650 _aCurriculum
700 _aMishra, Richa
773 _aUniversity News
909 _a110216
999 _c110211
_d110211